| 000 | 00802nam a2200241 i 4500 | ||
|---|---|---|---|
| 001 | 179565 | ||
| 003 | ES-MaACL | ||
| 005 | 20260528124804.0 | ||
| 008 | 111222s2010 sp |||| | spa d | ||
| 020 | _a978-84-339-7537-9 | ||
| 080 | _a821.111-32"19" | ||
| 100 | 1 |
_aIshiguro, Kazuo, _d1954- _9148799 |
|
| 245 | 1 | 0 |
_aNocturnos : _bcinco historias de música y crepúsculo / _cKazuo Ishiguro ; traducción de Antonio-Prometeo Moya. |
| 250 | _a1ª ed. | ||
| 260 |
_aBarcelona : _bAnagrama, _c2010. |
||
| 300 |
_a249 p. ; _c22 cm. |
||
| 490 | 1 |
_aPanorama de narrativas ; _v756 |
|
| 700 | 0 |
_aMoya, Antonio-Prometeo. _983949 |
|
| 830 | 0 | 0 |
_aPanorama de narrativas _v756 _9123642 |
| 852 |
_aES-MaACL _jA-11793 _9186462 _bR.146831 _cDEPO1 _dOlim: N-4798 |
||
| 942 |
_2udc _cMONOGRAFIA |
||
| 999 |
_c179565 _d179565 |
||